Score 0/55 Timer 03:00
1 Play Today
Lyric % Correct
a
98.8%
a
98.8%
a
98.8%
a
98.8%
a
98.8%
you
97.4%
you
97.4%
you
97.4%
You
97.4%
you
97.4%
the
95.3%
the
95.3%
the
95.3%
friend.
94.8%
friend.
94.8%
for
94.1%
for
94.1%
be
93.2%
and
93%
and
93%
And
93%
and
93%
Thank
92.4%
thank
92.4%
being
92%
being
92%
again.
83.7%
back
83.3%
Lyric % Correct
if
81.8%
is
80.7%
Your
79.9%
me
78.9%
down
78.2%
road
78.2%
Travel
76.8%
pal
75.7%
would
75.3%
would
75.3%
would
75.3%
you're
74.4%
confidant.
74.4%
party,
74.3%
heart
73.1%
see
72.7%
say
72.5%
true,
72.3%
from
72.1%
knew.
71.6%
everyone
71.6%
threw
71.4%
gift
71%
invited
70.8%
card
70.3%
biggest
69.9%
attached
67.1%

You're not logged in!

Compare scores with friends on all Sporcle quizzes.
OR
Log In

Sporcle TV

Today on Sporcle TV


Watch our educational content, quiz creation guides, and fun videos on Sporcle TV.

Show Comments

Extras

Top Quizzes Today


Score Distribution

Paid Content

Your Account Isn't Verified!

In order to create a playlist on Sporcle, you need to verify the email address you used during registration. Go to your Sporcle Settings to finish the process.

Report this User

Report this user for behavior that violates our Community Guidelines.

Details: